|
|
|
|
| LEADER |
00000naa0a2200000 4500 |
| 001 |
668871 |
| 005 |
20251204071624.0 |
| 035 |
|
|
|a (RuTPU)RU\TPU\network\40108
|
| 035 |
|
|
|a RU\TPU\network\40104
|
| 090 |
|
|
|a 668871
|
| 100 |
|
|
|a 20230130d2022 k y0rusy50 ca
|
| 101 |
0 |
|
|a rus
|
| 102 |
|
|
|a RU
|
| 135 |
|
|
|a drgn ---uucaa
|
| 181 |
|
0 |
|a i
|
| 182 |
|
0 |
|a b
|
| 200 |
1 |
|
|a Оптимизация режима работы системы накопления энергии при эксплуатации в составе объекта ВИЭ
|f Я. Ю. Малькова, Р. А. Уфа, И. Х. Саламов
|
| 203 |
|
|
|a Текст
|c электронный
|
| 300 |
|
|
|a Заглавие с экрана
|
| 320 |
|
|
|a [Библиогр.: 13 назв.]
|
| 463 |
|
|
|t Геоэнергетика - 2022
|o коллективная монография по материалам V Международной научно-практической конференции «Геоэнергетика-2022», Грозный, 29 Сентября-2 Октября 2022
|v [С. 257-263]
|d 2022
|
| 610 |
1 |
|
|a труды учёных ТПУ
|
| 610 |
1 |
|
|a электронный ресурс
|
| 610 |
1 |
|
|a возобновляемые источники энергии
|
| 610 |
1 |
|
|a солнечные панели
|
| 610 |
1 |
|
|a график мощности
|
| 610 |
1 |
|
|a режимы работы
|
| 610 |
1 |
|
|a оптимизация
|
| 700 |
|
1 |
|a Малькова
|b Я. Ю.
|c специалист в области электроэнергетики
|c ассистент кафедры Томского политехнического университета
|f 1996-
|g Яна Юрьевна
|y Томск
|3 (RuTPU)RU\TPU\pers\47178
|9 22758
|
| 701 |
|
1 |
|a Уфа
|b Р. А.
|c специалист в области электроэнергетики
|c доцент Томского политехнического университета, кандидат технических наук
|f 1988-
|g Руслан Александрович
|3 (RuTPU)RU\TPU\pers\30313
|9 14658
|
| 701 |
|
1 |
|a Саламов
|b И. Х.
|g Ислам Хамзатович
|
| 712 |
0 |
2 |
|a Национальный исследовательский Томский политехнический университет
|b Инженерная школа энергетики
|b Отделение электроэнергетики и электротехники
|3 (RuTPU)RU\TPU\col\23505
|
| 801 |
|
2 |
|a RU
|b 63413507
|c 20230130
|g RCR
|
| 850 |
|
|
|a 63413507
|
| 856 |
4 |
|
|u https://gstou.ru/files/nauka/publication/2022/Сборник_ГЕОЭНЕРГЕТИКА_2022.pdf?123#page=257
|z https://gstou.ru/files/nauka/publication/2022/Сборник_ГЕОЭНЕРГЕТИКА_2022.pdf?123#page=257
|
| 942 |
|
|
|c CF
|